[Event "ONJK 2018 DE"]
[Site "Borne, Netherlands"]
[Date "????.??.??"]
[Round "5.10"]
[White "Ponomarev, Ivan"]
[Black "Van Leeuwen, Robin"]
[Result "1-0"]
[WhiteElo "1056"]
[BlackElo "1098"]
[PlyCount "87"]
[EventDate "2018.??.??"]

1. e4 c5 2. Nf3 Nc6 3. d4 cxd4 4. Nxd4 d6 5. c4 Nf6 6. Nc3 g6 7. f3 Bg7 8. Be3
O-O 9. Qd2 Bd7 10. O-O-O a5 11. Bh6 Nxd4 12. Bxg7 Nb3+ 13. axb3 Kxg7 14. e5
dxe5 15. Ne4 Bf5 16. Qxd8 Rfxd8 17. Nxf6 exf6 18. g4 Be6 19. Be2 Rdc8 20. Kb1
a4 21. bxa4 Rxa4 22. b3 Rb4 23. Ka2 Ra8+ 24. Kb2 b5 25. Kc3 bxc4 26. Kxb4 Rb8+
27. Kc3 Rxb3+ 28. Kc2 c3 29. Rb1 Ra3 30. Ra1 Rb3 31. Rhb1 Rxb1 32. Rxb1 h5 33.
h3 hxg4 34. hxg4 Kh6 35. Kxc3 Kg5 36. Bc4 Kf4 37. Bxe6 fxe6 38. Rb6 Kxf3 39.
Rxe6 f5 40. gxf5 gxf5 41. Rxe5 f4 42. Kd4 Kg2 43. Rf5 f3 44. Ke3 1-0

[Event "ONJK 2018 DE"]
[Site "Borne, Netherlands"]
[Date "????.??.??"]
[Round "5.11"]
[White "Wolff, Calvin"]
[Black "Blom, Christiaan"]
[Result "0-1"]
[WhiteElo "1095"]
[BlackElo "838"]
[PlyCount "108"]
[EventDate "2018.??.??"]

1. e4 c5 2. Nf3 d6 3. Bc4 Nc6 4. O-O Nf6 5. Nc3 Bg4 6. h3 Bh5 7. d3 Nd4 8. Bb5+
Nxb5 9. Nxb5 Qd7 10. Nc3 e6 11. Re1 Be7 12. Bg5 O-O 13. e5 Ne8 14. Bxe7 Qxe7
15. Nb1 d5 16. Nbd2 Nc7 17. c4 d4 18. Qb3 b6 19. Re4 Rfd8 20. Rh4 Bg6 21. Re1
Bf5 22. Ne4 h6 23. Nfd2 Qxh4 24. Qa4 Bxe4 25. Rxe4 Qe7 26. Rg4 Qd7 27. Qd1 a6
28. Ne4 Kh8 29. Rg3 Rab8 30. Qc1 Ne8 31. Nf6 Nxf6 32. exf6 g5 33. Qd1 Rg8 34.
Qh5 Kh7 35. Qg4 Rg6 36. Qe4 Rbg8 37. a3 b5 38. cxb5 axb5 39. b4 c4 40. dxc4
bxc4 41. Qc2 Qb5 42. Rg4 e5 43. Rg3 d3 44. Qc3 Rxf6 45. Re3 Re6 46. Re4 Rd8 47.
Rxc4 d2 48. Qc2+ e4 49. Qd1 Qxc4 50. Kh2 Qc1 51. Qxc1 dxc1=Q 52. a4 Qf4+ 53. g3
Qxf2+ 54. Kh1 Rd1# 0-1

[Event "ONJK 2018 DE"]
[Site "Borne, Netherlands"]
[Date "????.??.??"]
[Round "6.1"]
[White "De Putter, Sven"]
[Black "Muntean, Felix"]
[Result "0-1"]
[WhiteElo "1282"]
[BlackElo "1310"]
[PlyCount "68"]
[EventDate "2018.??.??"]

1. e4 e5 2. Nf3 Nc6 3. Bc4 Nf6 4. Nc3 Bc5 5. d3 d6 6. Bg5 Be6 7. Bd5 O-O 8. h3
Qe7 9. Nh2 h5 10. Bxc6 bxc6 11. Qxh5 d5 12. Qh4 Bd4 13. Ng4 Bxf2+ 14. Kxf2 Qc5+
15. Kf1 Nxg4 16. hxg4 f6 17. Bd2 d4 18. Qh7+ Kf7 19. Ne2 Qxc2 20. Bh6 Rg8 21.
Rc1 Qxd3 22. Rh3 Qb5 23. g5 Bxh3 24. gxh3 d3 25. Nc3 d2+ 26. Kg2 dxc1=Q 27. g6+
Ke6 28. Bxc1 Qd3 29. Bh6 Rab8 30. Kg1 Kd6 31. Bxg7 Rxb2 32. Qh4 Qe3+ 33. Kf1
Qf3+ 34. Ke1 Qh1# 0-1

[Event "ONJK 2018 DE"]
[Site "Borne, Netherlands"]
[Date "????.??.??"]
[Round "6.2"]
[White "Salomons, Matthijs"]
[Black "De Rooij, Kevin"]
[Result "1-0"]
[WhiteElo "1260"]
[BlackElo "1188"]
[PlyCount "87"]
[EventDate "2018.??.??"]

1. d4 d5 2. c4 e6 3. Nc3 Nf6 4. Bg5 Bb4 5. e3 Nbd7 6. cxd5 exd5 7. Nge2 b6 8.
a3 Bxc3+ 9. Nxc3 Bb7 10. Bb5 O-O 11. Bxd7 Qxd7 12. Bxf6 gxf6 13. O-O Kh8 14.
Qf3 Qe6 15. Rac1 Rab8 16. Nb5 Ba6 17. Nxc7 Qd6 18. Nxa6 Rg8 19. Nxb8 Qxb8 20.
Qxf6+ Rg7 21. g3 Kg8 22. Rc2 Rg6 23. Qf4 Qxf4 24. exf4 Re6 25. Rfc1 Re4 26. Rd1
Kg7 27. f3 Re7 28. Kf2 h5 29. Re1 Rd7 30. g4 h4 31. f5 Kf6 32. Rc6+ Kg7 33. f6+
Kg6 34. Re7 Rd8 35. f4 a5 36. Rxb6 a4 37. Kf3 h3 38. f5+ Kg5 39. Rxf7 Rg8 40.
Rg7+ Rxg7 41. fxg7 Kh4 42. Rh6+ Kg5 43. g8=Q+ Kxh6 44. Qg6# 1-0

[Event "ONJK 2018 DE"]
[Site "Borne, Netherlands"]
[Date "????.??.??"]
[Round "6.3"]
[White "Van Doren, Frodo"]
[Black "Malfliet, Alexander"]
[Result "1/2-1/2"]
[WhiteElo "876"]
[BlackElo "1445"]
[PlyCount "56"]
[EventDate "2018.??.??"]

1. e4 c5 2. Nf3 Nc6 3. d4 cxd4 4. Nxd4 e6 5. Nc3 Nf6 6. Be3 Bb4 7. f3 d5 8. Bb5
Bd7 9. Qd3 dxe4 10. fxe4 Nxd4 11. Bxd7+ Qxd7 12. Bxd4 Rd8 13. O-O-O Bxc3 14.
Bxc3 Qxd3 15. Rxd3 Nxe4 16. Rxd8+ Kxd8 17. Bxg7 Rg8 18. Bd4 Kc7 19. g3 Rd8 20.
Rd1 Kc6 21. Bxa7 Ra8 22. Be3 Rxa2 23. Kb1 Ra4 24. c3 Ra5 25. Rd4 Ng5 26. Rc4+
Kd7 27. Rd4+ Kc6 28. Rh4 Kd5 1/2-1/2

[Event "ONJK 2018 DE"]
[Site "Borne, Netherlands"]
[Date "????.??.??"]
[Round "6.4"]
[White "Voorbergen, Milan"]
[Black "Froeyman, Hugo"]
[Result "0-1"]
[WhiteElo "749"]
[BlackElo "1416"]
[PlyCount "74"]
[EventDate "2018.??.??"]

1. e4 c6 2. Nc3 d5 3. exd5 cxd5 4. d4 Nf6 5. Nf3 Nc6 6. Bb5 Bg4 7. Be3 e6 8.
Qd2 Bd6 9. Be2 O-O 10. Bg5 h6 11. h3 Bxf3 12. Bxf6 Qxf6 13. Bxf3 Nxd4 14. O-O-O
Bf4 15. Qxf4 Qxf4+ 16. Kb1 Nxf3 17. gxf3 Qxf3 18. Rdg1 Qxf2 19. Rg4 Kh7 20.
Rhg1 Rg8 21. Nd1 Qb6 22. R4g3 a5 23. Ne3 a4 24. a3 Rac8 25. Ng4 Qd4 26. Ne3 f5
27. Rd1 Qf4 28. Nf1 Qe4 29. Ne3 f4 30. Rxg7+ Rxg7 31. Rc1 fxe3 32. Re1 Qxc2+
33. Ka1 Rg2 34. Rb1 Qxb1+ 35. Kxb1 Rg1+ 36. Ka2 Rcc1 37. b4 Rc2# 0-1

[Event "ONJK 2018 DE"]
[Site "Borne, Netherlands"]
[Date "????.??.??"]
[Round "6.5"]
[White "Groen, Jari"]
[Black "Faybish, Dana"]
[Result "1-0"]
[WhiteElo "1187"]
[BlackElo "1200"]
[PlyCount "83"]
[EventDate "2018.??.??"]

1. e4 e5 2. Nf3 Nc6 3. d4 exd4 4. Nxd4 Qh4 5. Nc3 Bb4 6. Be2 Qxe4 7. Ndb5 Bxc3+
8. bxc3 Kd8 9. O-O Qh4 10. g3 Qh3 11. Bg4 Qxf1+ 12. Kxf1 a6 13. Nd4 Ne5 14. Bf4
Nxg4 15. Qxg4 d6 16. Qxg7 Bh3+ 17. Kg1 Kd7 18. Qxf7+ Ne7 19. Qh5 Be6 20. Nxe6
Kxe6 21. Re1+ Kd7 22. Qg4+ Kd8 23. Qe6 Re8 24. Bg5 c6 25. Bxe7+ Kc7 26. Bxd6+
Kb6 27. Qxe8 Rxe8 28. Rxe8 Kb5 29. Re7 b6 30. Rxh7 a5 31. Rh4 c5 32. Bxc5 Kxc5
33. Rg4 Kb5 34. h4 Ka6 35. h5 Kb5 36. h6 Ka6 37. h7 Kb5 38. h8=Q Ka6 39. Qf6
Kb5 40. Rg6 Ka4 41. Qxb6 Ka3 42. Qb3# 1-0

[Event "ONJK 2018 DE"]
[Site "Borne, Netherlands"]
[Date "????.??.??"]
[Round "6.6"]
[White "Ekker, Joshua"]
[Black "Molanus, Florian"]
[Result "1-0"]
[WhiteElo "945"]
[BlackElo "1179"]
[PlyCount "57"]
[EventDate "2018.??.??"]

1. e4 c5 2. c3 d6 3. d4 cxd4 4. cxd4 e5 5. dxe5 dxe5 6. Qxd8+ Kxd8 7. Nf3 Nc6
8. Bc4 f6 9. O-O h5 10. Rd1+ Kc7 11. Nc3 b6 12. Bd5 a6 13. Be3 b5 14. Rac1 Bb7
15. Be6 Bd6 16. Nd5+ Kd8 17. Nb6 Rb8 18. Rxd6+ Ke7 19. Bc5 Nd8 20. Rc6+ Ke8 21.
Rc7 Nxe6 22. Rd7 Nxc5 23. Rxc5 Bxe4 24. Nxe5 Ne7 25. Rcc7 Nf5 26. Nf7 Rf8 27.
Nd6+ Nxd6 28. Re7+ Kd8 29. Rcd7# 1-0

[Event "ONJK 2018 DE"]
[Site "Borne, Netherlands"]
[Date "????.??.??"]
[Round "6.7"]
[White "Debunne, Lasse"]
[Black "Vleming, Annabel"]
[Result "1-0"]
[WhiteElo "1206"]
[BlackElo "856"]
[PlyCount "63"]
[EventDate "2018.??.??"]

1. e4 c5 2. Nf3 g6 3. d4 cxd4 4. Nxd4 Bg7 5. Nc3 d6 6. Bc4 Nf6 7. Be3 O-O 8.
Qd2 Ng4 9. O-O-O Nxe3 10. Qxe3 Qb6 11. Nd5 Qd8 12. Qg5 Re8 13. f4 Kh8 14. h4
Nc6 15. c3 h6 16. Qg3 Qa5 17. h5 Qc5 18. Qd3 Bg4 19. b4 Nxb4 20. cxb4 Qc8 21.
Rde1 a6 22. a4 b5 23. axb5 axb5 24. Nxb5 Ra1+ 25. Kd2 Ra4 26. Nb6 Qa6 27. Nxa4
Qxa4 28. Qb3 Qa8 29. Bxf7 Rf8 30. hxg6 Qc8 31. Qc4 Qd7 32. f5 1-0

[Event "ONJK 2018 DE"]
[Site "Borne, Netherlands"]
[Date "????.??.??"]
[Round "6.8"]
[White "Koene, Noël"]
[Black "Trunz, Michelle"]
[Result "1-0"]
[WhiteElo "535"]
[BlackElo "1312"]
[PlyCount "131"]
[EventDate "2018.??.??"]

1. e4 c5 2. b3 d6 3. Bb2 Nf6 4. d3 e6 5. f4 Be7 6. Nf3 O-O 7. Be2 a6 8. O-O Qc7
9. c4 Nbd7 10. e5 Ng4 11. Qc1 dxe5 12. Qc3 Bf6 13. fxe5 Ngxe5 14. Nxe5 Bxe5 15.
Qc2 Bxh2+ 16. Kh1 Be5 17. Nc3 b6 18. Bf3 Bb7 19. Bxb7 Qxb7 20. Rf3 Nf6 21. Qe2
Bd4 22. Rb1 Qc7 23. Ne4 Nxe4 24. Qxe4 Qe5 25. Qxe5 Bxe5 26. Bxe5 Rad8 27. Rg3
f6 28. Bc7 Rc8 29. Bxb6 Rc6 30. Ba5 Rf7 31. Rf1 Kf8 32. Rg4 Rd6 33. Rd1 e5 34.
b4 Rd4 35. Rxd4 cxd4 36. c5 Ke7 37. Rc1 Kd7 38. c6+ Kc8 39. c7 Rf8 40. Rc6 Kb7
41. Rb6+ Ka7 42. Rc6 Kb7 43. Rd6 Rc8 44. Rd8 f5 45. Rd7 g6 46. Rxh7 e4 47. Rd7
e3 48. Kg1 f4 49. Kf1 Kc6 50. Rd8 Kb7 51. Rxd4 g5 52. Rc4 Rf8 53. Rd4 Rc8 54.
Rd6 Ka7 55. a4 Kb7 56. b5 axb5 57. axb5 Ka7 58. Rd8 Kb7 59. d4 g4 60. Rxc8 Kxc8
61. d5 Kb7 62. d6 Kc8 63. b6 f3 64. gxf3 gxf3 65. b7+ Kxb7 66. d7 1-0

[Event "ONJK 2018 DE"]
[Site "Borne, Netherlands"]
[Date "????.??.??"]
[Round "6.9"]
[White "Shin, Hayun"]
[Black "Ponomarev, Ivan"]
[Result "0-1"]
[WhiteElo "918"]
[BlackElo "1056"]
[PlyCount "94"]
[EventDate "2018.??.??"]

1. e4 c5 2. Nf3 e6 3. Nc3 Nc6 4. d4 cxd4 5. Nxd4 Nf6 6. f3 d5 7. Bb5 Bd7 8. Bg5
Be7 9. Qd2 a6 10. Bxc6 Bxc6 11. Nxc6 bxc6 12. O-O-O O-O 13. h4 Rb8 14. g4 Qb6
15. Na4 Qb5 16. b3 Ba3+ 17. Kb1 Qxa4 18. Bxf6 gxf6 19. g5 Qb4 20. gxf6 Qxd2 21.
Rhg1+ Kh8 22. Rxd2 Rg8 23. Rdg2 Bc5 24. Rxg8+ Rxg8 25. Rxg8+ Kxg8 26. h5 Bd4
27. exd5 exd5 28. Kc1 Bxf6 29. Kd2 c5 30. a3 a5 31. Ke3 Kg7 32. Kf4 Bb2 33. a4
d4 34. Kg4 Kh6 35. Kh4 Bc1 36. Kg4 Bg5 37. f4 Be7 38. Kf5 Kxh5 39. Ke4 Kg4 40.
Ke5 h5 41. f5 h4 42. f6 Bxf6+ 43. Kxf6 h3 44. Kxf7 h2 45. Ke7 h1=Q 46. Kd6 Qd1
47. Kxc5 Qxc2+ 0-1

[Event "ONJK 2018 DE"]
[Site "Borne, Netherlands"]
[Date "????.??.??"]
[Round "6.10"]
[White "Blom, Christiaan"]
[Black "Kumar, Prajit Sai"]
[Result "0-1"]
[WhiteElo "838"]
[BlackElo "845"]
[PlyCount "76"]
[EventDate "2018.??.??"]

1. d4 d5 2. c4 e6 3. Nc3 Nf6 4. Bf4 Bd6 5. Bxd6 Qxd6 6. Nf3 Nc6 7. e3 O-O 8.
Bd3 b6 9. O-O Bb7 10. Re1 Rfe8 11. h3 a6 12. Qc2 Nb4 13. Qd2 Nxd3 14. Qxd3 dxc4
15. Qe2 Bxf3 16. Qxf3 Rad8 17. a4 Nd5 18. Nxd5 Qxd5 19. Qe2 b5 20. axb5 axb5
21. Ra5 Ra8 22. Raa1 h6 23. Rec1 Rxa1 24. Rxa1 Ra8 25. Rxa8+ Qxa8 26. Kh2 Qb8
27. g3 Qb6 28. Qd2 b4 29. Qc2 Qb5 30. h4 c3 31. bxc3 Qc4 32. Kg2 Qxc3 33. Qb1
b3 34. Kf1 b2 35. Ke2 Qc1 36. Qa2 b1=Q 37. Qa8+ Kh7 38. Qa5 Qd1# 0-1

[Event "ONJK 2018 DE"]
[Site "Borne, Netherlands"]
[Date "????.??.??"]
[Round "6.11"]
[White "Mernier, Martin"]
[Black "Mainka, Ingmar"]
[Result "0-1"]
[WhiteElo "1267"]
[BlackElo "1190"]
[PlyCount "166"]
[EventDate "2018.??.??"]

1. e4 e5 2. Nf3 Nc6 3. Bc4 Nf6 4. Ng5 d5 5. exd5 Na5 6. Bb5+ Bd7 7. Bxd7+ Qxd7
8. Nc3 Bc5 9. d3 Nxd5 10. Nxd5 Qxd5 11. Nf3 O-O 12. O-O Nc6 13. Be3 Nd4 14.
Nxd4 Bxd4 15. c3 Bxe3 16. fxe3 Rad8 17. d4 Qe4 18. Qf3 Qxf3 19. Rxf3 exd4 20.
exd4 Rfe8 21. Rff1 Re2 22. Rab1 c5 23. Rfd1 cxd4 24. Rxd4 Rxd4 25. cxd4 Kf8 26.
a3 Ke7 27. b4 Kd6 28. Rd1 Ra2 29. Rd3 Kd5 30. h3 Kc4 31. Rf3 f6 32. Rg3 g6 33.
Rf3 f5 34. Re3 b6 35. Re7 Rxa3 36. Rxh7 Kxd4 37. Rh6 Rg3 38. Kf2 Rg5 39. Rh7 a5
40. bxa5 bxa5 41. Ra7 f4 42. Kf3 Rf5 43. Rd7+ Kc4 44. Rc7+ Rc5 45. Ra7 Kb3 46.
Rb7+ Ka3 47. Kxf4 a4 48. g4 g5+ 49. Ke4 Ka2 50. Kd4 Rc2 51. Ra7 a3 52. Kd3 Rh2
53. Rb7 Rxh3+ 54. Kc2 Rh1 55. Rb4 Ka1 56. Ra4 a2 57. Rb4 Rb1 58. Ra4 Rb8 59.
Rd4 Rc8+ 60. Kd2 Kb2 61. Rb4+ Ka3 62. Rb5 a1=Q 63. Ra5+ Kb2 64. Rb5+ Ka2 65.
Ra5+ Kb1 66. Rxa1+ Kxa1 67. Ke3 Rf8 68. Ke2 Rf4 69. Ke3 Kb2 70. Kd2 Rf3 71. Ke2
Rh3 72. Kf2 Kc3 73. Kg2 Rd3 74. Kf2 Kd4 75. Ke2 Ke4 76. Kf2 Re3 77. Kg2 Ke5 78.
Kf2 Kf4 79. Kg2 Rf3 80. Kh2 Rg3 81. Kh1 Ke3 82. Kh2 Kf2 83. Kh1 Rh3# 0-1

[Event "ONJK 2018 DE"]
[Site "Borne, Netherlands"]
[Date "????.??.??"]
[Round "7.1"]
[White "Froeyman, Hugo"]
[Black "De Putter, Sven"]
[Result "1/2-1/2"]
[WhiteElo "1416"]
[BlackElo "1282"]
[PlyCount "59"]
[EventDate "2018.??.??"]

1. e4 e5 2. Nf3 Nc6 3. Bb5 a6 4. Bxc6 dxc6 5. O-O Bg4 6. h3 h5 7. d3 Bd6 8. Be3
c5 9. Nbd2 Qf6 10. Bg5 Qxg5 11. Nxg5 Bxd1 12. Raxd1 f6 13. Ngf3 O-O-O 14. Nh4
Ne7 15. Nhf3 Rh6 16. Nh2 Rg8 17. Nc4 g5 18. f3 Nc6 19. a3 Nd4 20. Nxd6+ cxd6
21. Rd2 Ne6 22. g3 Rhg6 23. Kf2 h4 24. Ng4 hxg3+ 25. Kxg3 Nf4 26. Rh1 Kc7 27.
Rdh2 Kc6 28. Ne3 d5 29. Nf5 Kd7 30. Rd1 1/2-1/2

[Event "ONJK 2018 DE"]
[Site "Borne, Netherlands"]
[Date "????.??.??"]
[Round "7.2"]
[White "Muntean, Felix"]
[Black "Salomons, Matthijs"]
[Result "1-0"]
[WhiteElo "1310"]
[BlackElo "1260"]
[PlyCount "65"]
[EventDate "2018.??.??"]

1. e4 e6 2. d4 d5 3. exd5 exd5 4. Nf3 Nf6 5. Bd3 c6 6. O-O Bg4 7. Re1+ Be7 8.
c4 O-O 9. cxd5 cxd5 10. Nc3 Nc6 11. Bc2 Re8 12. Bg5 Bxf3 13. Qxf3 Nxd4 14. Qd3
Nxc2 15. Qxc2 Rc8 16. Qd3 d4 17. Nb5 Bc5 18. Rxe8+ Qxe8 19. Bxf6 gxf6 20. Nxd4
Bxd4 21. Qxd4 Qc6 22. h3 a6 23. Qg4+ Kf8 24. Qh5 Kg7 25. Re1 Rg8 26. g3 Qb6 27.
Re7 Rf8 28. Qg4+ Kh8 29. Qd7 Rg8 30. Rxf7 Rxg3+ 31. Kf1 Qc5 32. Rxh7+ Kg8 33.
Qf7# 1-0

[Event "ONJK 2018 DE"]
[Site "Borne, Netherlands"]
[Date "????.??.??"]
[Round "7.3"]
[White "Malfliet, Alexander"]
[Black "Groen, Jari"]
[Result "1-0"]
[WhiteElo "1445"]
[BlackElo "1187"]
[PlyCount "49"]
[EventDate "2018.??.??"]

1. e4 c6 2. d4 d5 3. e5 Bf5 4. g4 Bg6 5. Ne2 e6 6. Nf4 Nd7 7. h4 h6 8. Nxg6
fxg6 9. Bd3 Ne7 10. c3 c5 11. Qc2 Kf7 12. Rh3 Qe8 13. h5 g5 14. f4 cxd4 15.
cxd4 Rc8 16. Nc3 Kg8 17. fxg5 hxg5 18. Bxg5 Nb6 19. O-O-O Na4 20. Rdh1 Nc6 21.
Bg6 Qd7 22. h6 gxh6 23. Bxh6 Bxh6+ 24. Rxh6 Kg7 25. Rh7+ 1-0

[Event "ONJK 2018 DE"]
[Site "Borne, Netherlands"]
[Date "????.??.??"]
[Round "7.4"]
[White "Knol, Daniel"]
[Black "Van Doren, Frodo"]
[Result "1/2-1/2"]
[WhiteElo "1358"]
[BlackElo "876"]
[PlyCount "62"]
[EventDate "2018.??.??"]

1. e4 e5 2. Nf3 Nc6 3. Bc4 Bc5 4. c3 Nf6 5. d3 h6 6. O-O O-O 7. Re1 Re8 8. Nbd2
d5 9. exd5 Nxd5 10. Bb5 Bg4 11. h3 Bh5 12. Ne4 Bb6 13. Ng3 Bxf3 14. Qxf3 a6 15.
Bc4 Nf6 16. Ne4 Nd5 17. Ng3 Nf6 18. Nh5 Kh7 19. Bxf7 Rf8 20. Qf5+ Kh8 21. Qg6
Nxh5 22. Qxh5 Bxf2+ 23. Kxf2 Qf6+ 24. Qf3 Rxf7 25. Qxf6 Rxf6+ 26. Ke2 Raf8 27.
Be3 Ne7 28. Bc5 R8f7 29. Bxe7 Rxe7 30. Kd2 Kg8 31. Rf1 Kh8 1/2-1/2

[Event "ONJK 2018 DE"]
[Site "Borne, Netherlands"]
[Date "????.??.??"]
[Round "7.5"]
[White "De Rooij, Kevin"]
[Black "Debunne, Lasse"]
[Result "1-0"]
[WhiteElo "1188"]
[BlackElo "1206"]
[PlyCount "71"]
[EventDate "2018.??.??"]

1. d4 d5 2. c4 c6 3. Nc3 Nf6 4. Bg5 e6 5. e4 h6 6. Bh4 g5 7. Bg3 dxe4 8. Be5
Bb4 9. Nge2 Nbd7 10. Bxf6 Nxf6 11. a3 Bxc3+ 12. Nxc3 Qb6 13. b4 Qd8 14. g3 Nh7
15. Nxe4 f5 16. Nc3 b6 17. Bg2 Nf6 18. Bxc6+ Bd7 19. Bxa8 Qxa8 20. O-O h5 21.
Re1 h4 22. d5 h3 23. Qd2 Rh5 24. Nb5 Bxb5 25. cxb5 Kf8 26. Rxe6 Nxd5 27. Rd6
Kf7 28. Qxd5+ Qxd5 29. Rxd5 Ke6 30. Rad1 g4 31. a4 Rh8 32. Rd6+ Kf7 33. Rd7+
Kg6 34. Rxa7 Re8 35. Rad7 Kg5 36. Kf1 1-0

[Event "ONJK 2018 DE"]
[Site "Borne, Netherlands"]
[Date "????.??.??"]
[Round "7.6"]
[White "Ekker, Joshua"]
[Black "Niemeijer, Léon"]
[Result "1-0"]
[WhiteElo "945"]
[BlackElo "1112"]
[PlyCount "65"]
[EventDate "2018.??.??"]

1. e4 c5 2. c3 e5 3. Nf3 d6 4. Bc4 Bg4 5. h3 Bxf3 6. Qxf3 Nf6 7. d3 Nc6 8. Bg5
Be7 9. O-O O-O 10. Nd2 h6 11. Bxf6 Bxf6 12. Nb3 Qc7 13. Bd5 Rad8 14. Rfe1 Rfe8
15. Qh5 Re7 16. Re3 Bg5 17. Rg3 Rf8 18. h4 Bf6 19. Qxh6 Re6 20. Bxe6 fxe6 21.
h5 b6 22. Qg6 Qf7 23. Qg4 Kh7 24. Rf1 d5 25. exd5 exd5 26. Qf5+ Kh8 27. Rh3 Be7
28. Qg4 Qf5 29. Qg3 Bg5 30. Re1 Qf4 31. Qxf4 Bxf4 32. Rf3 Re8 33. Rxf4 1-0

[Event "ONJK 2018 DE"]
[Site "Borne, Netherlands"]
[Date "????.??.??"]
[Round "7.7"]
[White "Tangarife Ramirez, Katja"]
[Black "Cappan, Pjotr"]
[Result "0-1"]
[WhiteElo "880"]
[BlackElo "1422"]
[PlyCount "36"]
[EventDate "2018.??.??"]

1. e4 e5 2. Nf3 Nc6 3. d4 exd4 4. Nxd4 Bb4+ 5. c3 Bc5 6. Be3 Bb6 7. Be2 Nf6 8.
Nd2 O-O 9. O-O Re8 10. Qc2 d5 11. exd5 Nxd4 12. cxd4 Nxd5 13. Qd3 Nxe3 14. fxe3
Rxe3 15. Qc4 Be6 16. Qb5 Qxd4 17. Nf3 Rxf3+ 18. Kh1 Rxf1+ 0-1

[Event "ONJK 2018 DE"]
[Site "Borne, Netherlands"]
[Date "????.??.??"]
[Round "7.8"]
[White "Kumar, Prajit Sai"]
[Black "Koene, Noël"]
[Result "0-1"]
[WhiteElo "845"]
[BlackElo "535"]
[PlyCount "32"]
[EventDate "2018.??.??"]

1. e4 c5 2. Nf3 Nc6 3. Nc3 g6 4. Bc4 Bg7 5. Ne2 Nf6 6. d3 O-O 7. O-O d5 8. exd5
Nxd5 9. Rb1 Bg4 10. Ng3 Ne5 11. Be3 Nxe3 12. fxe3 Qc8 13. h3 Bxf3 14. gxf3 Qxh3
15. Qe1 Bf6 16. Ne4 Nxf3+ 0-1

[Event "ONJK 2018 DE"]
[Site "Borne, Netherlands"]
[Date "????.??.??"]
[Round "7.9"]
[White "Ponomarev, Ivan"]
[Black "De Jong, Quint"]
[Result "0-1"]
[WhiteElo "1056"]
[BlackElo "1005"]
[PlyCount "114"]
[EventDate "2018.??.??"]

1. e4 c5 2. Nf3 Nc6 3. d4 cxd4 4. Nxd4 e5 5. Nb3 Nf6 6. Bg5 h6 7. Bxf6 Qxf6 8.
Bc4 Bb4+ 9. N1d2 Qf4 10. O-O d6 11. a3 Ba5 12. Nxa5 Nxa5 13. Bb5+ Nc6 14. Nc4
O-O 15. Re1 Nd4 16. Nxd6 Nxb5 17. Nxb5 Qg5 18. Re3 Be6 19. Nc7 Rad8 20. Qe1 Bc4
21. b3 Rd7 22. Qa5 Qd8 23. bxc4 Qxc7 24. Qxc7 Rxc7 25. Rb3 Rfc8 26. h3 b6 27.
Rc1 Rxc4 28. c3 Rxe4 29. f3 Re3 30. Kf2 Rd3 31. Ke2 Rd5 32. Ke3 f6 33. Ke4 Ra5
34. Kf5 Kf7 35. Rd1 Rc7 36. Kg4 Ra4+ 37. Kg3 Ke6 38. Kf2 Rac4 39. Rd3 Rd7 40.
Rxd7 Kxd7 41. Ke3 Ke6 42. Kd3 Ra4 43. Ke3 f5 44. g4 g6 45. Kd3 Kd5 46. Rb5+ Kd6
47. Rb3 Kc5 48. Kd2 Kc4 49. Rb4+ Rxb4 50. axb4 a5 51. bxa5 bxa5 52. Kc2 fxg4
53. hxg4 h5 54. gxh5 gxh5 55. f4 exf4 56. Kb2 f3 57. Ka2 f2 0-1

[Event "ONJK 2018 DE"]
[Site "Borne, Netherlands"]
[Date "????.??.??"]
[Round "7.10"]
[White "Trunz, Michelle"]
[Black "Van Leeuwen, Robin"]
[Result "1-0"]
[WhiteElo "1312"]
[BlackElo "1098"]
[PlyCount "117"]
[EventDate "2018.??.??"]

1. e4 c5 2. Nc3 Nc6 3. f4 g6 4. Nf3 Bg7 5. Bb5 d6 6. Bxc6+ bxc6 7. d3 Bg4 8.
O-O Nf6 9. Qe1 O-O 10. Na4 a5 11. Rb1 Rb8 12. b3 Qc7 13. Ba3 Qa7 14. c4 Ne8 15.
e5 Nc7 16. Ng5 h6 17. Nf3 Na6 18. Kh1 Nb4 19. exd6 exd6 20. Qd2 Rfe8 21. Rf2
Bf5 22. Bxb4 cxb4 23. Re2 Kh7 24. Rbe1 Rxe2 25. Qxe2 Be6 26. Nb2 Bg4 27. Nd1
Be6 28. h3 Qd7 29. Qf2 Bf5 30. Qe2 Be6 31. g4 d5 32. Ne3 Rc8 33. Rd1 d4 34. Ng2
c5 35. Ngh4 Ra8 36. Qe4 Rf8 37. f5 gxf5 38. gxf5 Bxf5 39. Qxf5+ Qxf5 40. Nxf5
Re8 41. Re1 Rg8 42. Rg1 Bf8 43. Rxg8 Kxg8 44. Kg2 Kh7 45. Ne5 f6 46. Nd7 Kg6
47. Nxf8+ Kxf5 48. Kg3 h5 49. Nd7 Kg5 50. Nxc5 h4+ 51. Kf3 Kf5 52. Nb7 Ke5 53.
Nxa5 Kd6 54. Nb7+ Kc6 55. Nd8+ Kd7 56. Nf7 Ke6 57. Nh6 f5 58. Kf4 Kf6 59. Nxf5
1-0

[Event "ONJK 2018 DE"]
[Site "Borne, Netherlands"]
[Date "????.??.??"]
[Round "7.11"]
[White "Mainka, Ingmar"]
[Black "Wolff, Calvin"]
[Result "1-0"]
[WhiteElo "1190"]
[BlackElo "1095"]
[PlyCount "63"]
[EventDate "2018.??.??"]

1. e4 c5 2. Nf3 d6 3. d4 cxd4 4. Nxd4 Bd7 5. Be2 Nc6 6. Be3 Rc8 7. O-O g6 8.
Nc3 Bg7 9. Qd2 a6 10. Rad1 b5 11. Nd5 Ne5 12. Nf3 Nc4 13. Bxc4 Rxc4 14. Bd4
Bxd4 15. Nxd4 Bc6 16. Ne3 Rc5 17. b4 Rg5 18. Nxc6 Qa8 19. Nd5 Qxc6 20. Qxg5
Qxc2 21. Qg4 Qc6 22. Rc1 h5 23. Qh3 Qxc1 24. Rxc1 f6 25. Qe6 Kf8 26. Rc8+ Kg7
27. Rxg8+ Rxg8 28. Qxe7+ Kh6 29. f4 Rg7 30. Qf8 g5 31. Qh8+ Kg6 32. f5+ 1-0

[Event "ONJK 2018 DE"]
[Site "Borne, Netherlands"]
[Date "????.??.??"]
[Round "8.1"]
[White "Froeyman, Hugo"]
[Black "Muntean, Felix"]
[Result "1-0"]
[WhiteElo "1416"]
[BlackElo "1310"]
[PlyCount "41"]
[EventDate "2018.??.??"]

1. e4 e5 2. Nf3 d6 3. d4 exd4 4. Nxd4 g6 5. Nc3 Bg7 6. Bc4 Nf6 7. h3 O-O 8. O-O
a6 9. Bg5 c5 10. Nf3 Re8 11. Re1 Be6 12. Bxe6 Rxe6 13. e5 h6 14. exf6 Bxf6 15.
Rxe6 fxe6 16. Bxf6 Qxf6 17. Qxd6 c4 18. Qe5 Kf7 19. Qc7+ Qe7 20. Ne5+ Kf6 21.
Ne4+ 1-0

[Event "ONJK 2018 DE"]
[Site "Borne, Netherlands"]
[Date "????.??.??"]
[Round "8.2"]
[White "De Putter, Sven"]
[Black "Malfliet, Alexander"]
[Result "1/2-1/2"]
[WhiteElo "1282"]
[BlackElo "1445"]
[PlyCount "62"]
[EventDate "2018.??.??"]

1. e4 c5 2. Nf3 Nc6 3. Nc3 e6 4. d4 cxd4 5. Nxd4 Nf6 6. a3 Bc5 7. Be3 Be7 8.
Be2 d5 9. Nxc6 bxc6 10. e5 Nd7 11. O-O Nxe5 12. Bd4 Bf6 13. f4 Ng6 14. Bh5 O-O
15. g4 Bxd4+ 16. Qxd4 Qb6 17. Ne2 Qxd4+ 18. Nxd4 Ne7 19. g5 g6 20. Bg4 c5 21.
Nf3 Nc6 22. h4 Re8 23. Rfe1 Rb8 24. b3 Rb7 25. f5 gxf5 26. Bxf5 Rbe7 27. Bd3 a6
28. Ne5 Nxe5 29. Rxe5 Rf8 30. Rf1 Rc7 31. Rf6 c4 1/2-1/2

[Event "ONJK 2018 DE"]
[Site "Borne, Netherlands"]
[Date "????.??.??"]
[Round "8.3"]
[White "Cappan, Pjotr"]
[Black "De Rooij, Kevin"]
[Result "0-1"]
[WhiteElo "1422"]
[BlackElo "1188"]
[PlyCount "56"]
[EventDate "2018.??.??"]

1. e4 c5 2. Nc3 e6 3. f4 Nc6 4. Nf3 Qc7 5. Bb5 Qxf4 6. Bxc6 bxc6 7. O-O Ba6 8.
d3 Qc7 9. Qe2 Be7 10. e5 f6 11. Ne4 fxe5 12. Nfg5 Nf6 13. Rxf6 gxf6 14. Qh5+
Kd8 15. Nf7+ Kc8 16. Nxh8 d5 17. Nc3 c4 18. dxc4 Bxc4 19. Bd2 Kb7 20. Nf7 Bc5+
21. Kh1 Rf8 22. Nh6 Qg7 23. Ng4 Rg8 24. Na4 Bb6 25. Nxb6 axb6 26. h3 f5 27. Ne3
d4 28. b3 dxe3 0-1

[Event "ONJK 2018 DE"]
[Site "Borne, Netherlands"]
[Date "????.??.??"]
[Round "8.4"]
[White "Van Doren, Frodo"]
[Black "Ekker, Joshua"]
[Result "1-0"]
[WhiteElo "876"]
[BlackElo "945"]
[PlyCount "45"]
[EventDate "2018.??.??"]

1. e4 e5 2. Nf3 Nc6 3. Bc4 Nf6 4. d3 Bc5 5. O-O d6 6. c3 Bg4 7. a4 a6 8. Re1
O-O 9. Bg5 h6 10. Bh4 Qe7 11. Nbd2 Rfd8 12. Nb3 Rab8 13. d4 exd4 14. cxd4 Bb4
15. Re3 Rd7 16. Qc2 Qf8 17. e5 Nh5 18. h3 Be6 19. d5 Bxd5 20. Bxd5 Ne7 21. Bxe7
Qxe7 22. e6 Qg5 23. Nxg5 1-0